[Event "CSS Freestyle 8th"]
[Site "playchess.com"]
[Date "2008.04.13"]
[Round "7"]
[White "FATTAaMANO"]
[Black "Frau Holle"]
[Result "1/2-1/2"]
[WhiteElo "2438"]
[BlackElo "2410"]
[PlyCount "42"]
[EventDate "2008.04.11"]

1. d4 {3} Nf6 {17} 2. c4 {13} e6 {8} 3. Nc3 {32} d5 {22} 4. Nf3 {23} c6 {12} 5.
e3 {39} Nbd7 {14} 6. Bd3 {45} dxc4 {10} 7. Bxc4 {3} b5 {5} 8. Bd3 {6} Bb7 {13}
9. e4 {34} b4 {19} 10. Na4 {7} c5 {12} 11. e5 {20} Nd5 {13} 12. Nxc5 {273} Nxc5
{21} 13. dxc5 {8} Bxc5 {15} 14. Qa4+ {91} Ke7 {19} 15. O-O {114} h6 {15} 16.
Ba6 {201} Qb6 {198} 17. Bxb7 {8} Qxb7 {15} 18. Qc2 {12} Qb5 {185} 19. Bd2 {84}
Rac8 {26} 20. Qe4 {37} Rhd8 {50} 21. Qh7 {15} Rh8 {
Frau Holle bietet Remis (Lag: Av=0.27s, max=0.7s) 462} 1/2-1/2

[Event "CSS Freestyle 8th"]
[Site "playchess.com"]
[Date "2008.04.13"]
[Round "7"]
[White "Brf"]
[Black "Wytiko"]
[Result "1/2-1/2"]
[WhiteElo "2422"]
[BlackElo "2317"]
[PlyCount "47"]
[EventDate "2008.04.11"]

1. e4 {5} c5 {10} 2. c3 {2} e6 {9} 3. d4 {20} d5 {4} 4. exd5 {77} exd5 {24} 5.
Nf3 {29} Nc6 {63} 6. Bb5 {64} Bd6 {64} 7. dxc5 {89} Bxc5 {195} 8. O-O {4} Nge7
{5} 9. Nbd2 {52} O-O {49} 10. Nb3 {125} Bd6 {57} 11. Re1 {153} Bg4 {71} 12. h3
{75} Bh5 {11} 13. Bd3 {39} h6 {334} 14. Be3 {23} Ne5 {717} 15. Be2 {8} Nc4 {25}
16. Bxc4 {40} dxc4 {3} 17. Nbd2 {1} Rc8 {2} 18. Ne4 {55} Bb8 {5} 19. Bc5 {69}
Qxd1 {32} 20. Raxd1 {8} Bxf3 {26} 21. gxf3 {8} Rfe8 {76} 22. Nf6+ {10} gxf6 {4}
23. Bxe7 {4} Be5 {13} 24. Ba3 {Brf bietet Remis (Lag: Av=0.32s, max=1.6s) 75}
1/2-1/2

[Event "CSS Freestyle 8th"]
[Site "playchess.com"]
[Date "2008.04.13"]
[Round "7"]
[White "Galactus007"]
[Black "Fulcrum2000"]
[Result "1/2-1/2"]
[WhiteElo "2373"]
[BlackElo "2528"]
[PlyCount "66"]
[EventDate "2008.04.11"]

1. e4 {98} e6 {56} 2. d4 {31} d5 {18} 3. Nd2 {66} c5 {15} 4. exd5 {93} Qxd5 {64
} 5. Ngf3 {27} cxd4 {20} 6. Bc4 {53} Qd6 {16} 7. O-O {46} Nf6 {85} 8. Nb3 {27}
Nc6 {5} 9. Nbxd4 {34} Nxd4 {9} 10. Nxd4 {18} a6 {168} 11. Re1 {40} Be7 {82} 12.
c3 {136} O-O {224} 13. Qe2 {24} Rd8 {169} 14. Bb3 {36} Nd5 {62} 15. Rd1 {165}
Bf6 {97} 16. c4 {66} Nf4 {44} 17. Qe4 {69} Qe5 {156} 18. Qxe5 {60} Bxe5 {5} 19.
Be3 {62} Bd7 {5} 20. Rd2 {52} Be8 {130} 21. Rad1 {8} Rxd4 {159} 22. Bxd4 {8}
Bxd4 {24} 23. Rxd4 {14} Ne2+ {1} 24. Kf1 {25} Nxd4 {3} 25. Rxd4 {6} Kf8 {29}
26. Bc2 {46} b5 {74} 27. Ke1 {81} Rc8 {30} 28. Bd3 {72} e5 {49} 29. Rh4 {59} h6
{56} 30. Kd2 {78} Ke7 {15} 31. Re4 {40} f6 {70} 32. cxb5 {58} Bxb5 {96} 33.
Bxb5 {10} axb5 {Galactus007 offers a draw (Lag: Av=0.40s, max=2.4s) 0} 1/2-1/2

[Event "CSS Freestyle 8th"]
[Site "playchess.com"]
[Date "2008.04.13"]
[Round "7"]
[White "Spaghetti Chess"]
[Black "Rodo"]
[Result "1-0"]
[WhiteElo "2535"]
[BlackElo "2587"]
[PlyCount "51"]
[EventDate "2008.04.11"]

1. e4 {115} d5 {16} 2. exd5 {61} Qxd5 {3} 3. Nc3 {7} Qd6 {60} 4. d4 {16} Nf6 {8
} 5. Nf3 {25} a6 {10} 6. g3 {63} Bg4 {52} 7. Bg2 {111} Nc6 {11} 8. O-O {91}
O-O-O {2} 9. d5 {40} Nb4 {2} 10. h3 {92} Bh5 {17} 11. Bf4 {93} Qb6 {47} 12. Na4
{200} Qa7 {206} 13. c4 {162} e6 {26} 14. a3 {85} Nc6 {1} 15. g4 {115} Bg6 {353}
16. Be3 {70} Qa8 {118} 17. g5 {102} exd5 {30} 18. gxf6 {54} dxc4 {10} 19. Nd2 {
26} gxf6 {8} 20. Nxc4 {138} Rxd1 {0} 21. Ncb6+ {104} cxb6 {1} 22. Nxb6+ {9} Kb8
{1} 23. Rfxd1 {80} Bg7 {321} 24. Rac1 {75} Bf5 {69} 25. Nxa8 {13} Kxa8 {4} 26.
Bxc6 {Rodo abbandona (Lag: Av=0.24s, max=0.6s) 27} 1-0

[Event "CSS Freestyle 8th"]
[Site "playchess.com"]
[Date "2008.04.13"]
[Round "7"]
[White "Brener"]
[Black "Spidey"]
[Result "1-0"]
[WhiteElo "2374"]
[BlackElo "2381"]
[PlyCount "55"]
[EventDate "2008.04.11"]

1. e4 {9} d6 {15} 2. d4 {6} Nf6 {4} 3. Nc3 {9} Nbd7 {34} 4. g4 {42} h6 {201} 5.
h3 {67} e5 {68} 6. Nge2 {5} c6 {99} 7. Bg2 {153} b5 {65} 8. a3 {7} Bb7 {118} 9.
O-O {4} a5 {119} 10. Ng3 {7} g6 {42} 11. f4 {6} Bg7 {253} 12. Be3 {11} exd4 {95
} 13. Bxd4 {3} O-O {33} 14. Qd3 {4} Qc7 {210} 15. b4 {106} Rfe8 {119} 16. Rad1
{10} axb4 {53} 17. axb4 {5} Red8 {807} 18. Nge2 {56} Ne8 {157} 19. Qg3 {159} c5
{63} 20. Bxg7 {290} Kxg7 {15} 21. f5 {1} cxb4 {214} 22. fxg6 {7} fxg6 {13} 23.
Nd5 {36} Bxd5 {55} 24. exd5 {0} Qc5+ {101} 25. Kh1 {14} Nc7 {16} 26. Nf4 {26}
Ne5 {41} 27. Nh5+ {6} Kh7 {64} 28. Nf6+ {
Spidey gibt auf (Lag: Av=0.32s, max=1.1s) 5} 1-0

[Event "CSS Freestyle 8th"]
[Site "playchess.com"]
[Date "2008.04.13"]
[Round "7"]
[White "Takker"]
[Black "Snuggles"]
[Result "1/2-1/2"]
[WhiteElo "2447"]
[BlackElo "2521"]
[PlyCount "70"]
[EventDate "2008.04.11"]

1. e4 {35} c5 {3} 2. Ne2 {13} Nc6 {266} 3. d4 {36} cxd4 {4} 4. Nxd4 {2} Nf6 {2}
5. Nc3 {26} e5 {3} 6. Ndb5 {36} d6 {2} 7. Bg5 {17} a6 {3} 8. Na3 {6} b5 {3} 9.
Nd5 {107} Be7 {4} 10. Bxf6 {33} Bxf6 {3} 11. c3 {12} Bg5 {8} 12. Nc2 {10} Rb8 {
8} 13. a4 {69} bxa4 {9} 14. Ncb4 {50} Nxb4 {5} 15. Nxb4 {3} Bd7 {54} 16. Bxa6 {
6} Qa5 {141} 17. Qxd6 {12} Rb6 {41} 18. Qd3 {4} Be7 {17} 19. Nd5 {31} Rxb2 {11}
20. O-O {37} Qc5 {28} 21. c4 {135} O-O {818} 22. Bb5 {14} Bxb5 {15} 23. cxb5 {1
} Bd8 {338} 24. Rxa4 {304} Bb6 {35} 25. h3 {340} Qxb5 {17} 26. Qxb5 {49} Rxb5 {
29} 27. Rc1 {9} Rb8 {23} 28. Nxb6 {256} R5xb6 {9} 29. Rc7 {15} Rb1+ {21} 30.
Kh2 {2} R1b2 {10} 31. f3 {14} h6 {31} 32. Kg3 {10} R8b7 {58} 33. Rxb7 {13} Rxb7
{6} 34. Ra5 {6} f6 {52} 35. f4 {42} Rb3+ {
Snuggles bietet Remis (Lag: Av=0.59s, max=5.0s) 101} 1/2-1/2

[Event "CSS Freestyle 8th"]
[Site "playchess.com"]
[Date "2008.04.13"]
[Round "7"]
[White "HAKAN M"]
[Black "Badbishop1"]
[Result "1/2-1/2"]
[WhiteElo "2353"]
[BlackElo "2356"]
[PlyCount "82"]
[EventDate "2008.04.11"]

1. d3 {17} d5 {39} 2. d4 {13} Nf6 {25} 3. c3 {34} c5 {37} 4. Nf3 {9} Nc6 {11}
5. dxc5 {14} e6 {69} 6. b4 {10} a5 {11} 7. b5 {79} Na7 {4} 8. a4 {116} Bxc5 {13
} 9. e3 {116} O-O {75} 10. Nbd2 {174} b6 {148} 11. Bb2 {65} Bb7 {50} 12. Bd3 {
14} Nc8 {41} 13. O-O {31} Nd6 {49} 14. Rc1 {72} Rc8 {125} 15. c4 {23} Qe7 {243}
16. Qe2 {147} Rfd8 {17} 17. cxd5 {109} Nxd5 {18} 18. Nb3 {14} Bb4 {47} 19. Rxc8
{278} Rxc8 {5} 20. Rc1 {9} Nc3 {75} 21. Bxc3 {57} Bxc3 {11} 22. Nbd4 {14} Rc5 {
90} 23. Nb3 {63} Rc7 {6} 24. Nbd4 {24} Bxd4 {72} 25. Rxc7 {33} Qxc7 {0} 26.
Nxd4 {21} Qc1+ {181} 27. Qf1 {2} Qc5 {40} 28. Qb1 {35} e5 {174} 29. Ne2 {4} g6
{83} 30. Ng3 {34} f5 {175} 31. Qc2 {127} e4 {183} 32. Qxc5 {134} bxc5 {2} 33.
Be2 {20} Kf7 {30} 34. Kf1 {32} Ke6 {38} 35. Ke1 {7} Ke5 {38} 36. Kd2 {18} Nc8 {
46} 37. Bd1 {39} Nb6 {12} 38. h4 {52} Kd5 {108} 39. Kc3 {31} Kd6 {61} 40. Ne2 {
40} Bd5 {15} 41. Nf4 {37} Ke5 {
Badbishop1 offers a draw (Lag: Av=0.41s, max=1.5s) 43} 1/2-1/2

[Event "CSS Freestyle 8th"]
[Site "playchess.com"]
[Date "2008.04.13"]
[Round "7"]
[White "Regina H-Milch"]
[Black "Ultima"]
[Result "1/2-1/2"]
[WhiteElo "1775"]
[BlackElo "1753"]
[PlyCount "54"]
[EventDate "2008.04.11"]

1. d4 {14} d5 {5} 2. c4 {54} c6 {4} 3. Nf3 {38} Nf6 {4} 4. e3 {44} e6 {42} 5.
Nc3 {60} Nbd7 {6} 6. Qc2 {149} Bd6 {9} 7. b3 {49} O-O {27} 8. Be2 {16} b6 {42}
9. O-O {28} Bb7 {20} 10. Bb2 {15} Qe7 {27} 11. Rad1 {38} Rad8 {21} 12. Rfe1 {69
} Rfe8 {115} 13. Bf1 {246} c5 {348} 14. dxc5 {61} Nxc5 {41} 15. cxd5 {59} Nxd5
{99} 16. Nxd5 {250} Bxd5 {31} 17. Bb5 {808} Rf8 {127} 18. Qe2 {206} Bb7 {694}
19. Bc4 {121} a6 {272} 20. a4 {35} e5 {16} 21. Nd2 {142} e4 {154} 22. Bd4 {26}
Be5 {426} 23. Nf1 {19} Qf6 {449} 24. Bxc5 {38} bxc5 {0} 25. Ng3 {26} Rfe8 {11}
26. Qg4 {206} Bd6 {6} 27. Qe2 {35} a5 {
Ultima offre la patta (Lag: Av=0.22s, max=0.6s) 8} 1/2-1/2

[Event "CSS Freestyle 8th"]
[Site "playchess.com"]
[Date "2008.04.13"]
[Round "7"]
[White "Etaoin Shrdlu"]
[Black "PM1"]
[Result "1-0"]
[WhiteElo "1739"]
[BlackElo "1780"]
[PlyCount "95"]
[EventDate "2008.04.11"]

1. e4 {5} e5 {18} 2. Nf3 {20} Nc6 {8} 3. Bb5 {5} a6 {14} 4. Ba4 {45} Nf6 {2} 5.
O-O {19} Be7 {2} 6. Re1 {11} b5 {3} 7. Bb3 {10} d6 {1} 8. c3 {7} O-O {2} 9. h3
{6} Bb7 {8} 10. d4 {7} Re8 {7} 11. Nbd2 {8} Bf8 {2} 12. a4 {6} h6 {9} 13. Bc2 {
7} exd4 {8} 14. cxd4 {12} Nb4 {3} 15. Bb1 {9} c5 {2} 16. d5 {8} Nd7 {3} 17. Ra3
{25} c4 {1} 18. axb5 {518} axb5 {0} 19. Nd4 {8} Qb6 {114} 20. Nf5 {11} Ne5 {16}
21. Rg3 {10} g6 {15} 22. Nf3 {20} Ned3 {69} 23. Rf1 {820} Kh7 {1137} 24. Qd2 {
30} Ra1 {4} 25. Nxh6 {177} Rxb1 {6} 26. Nxf7 {26} Qc7 {1162} 27. h4 {13} Bg7 {9
} 28. h5 {61} Nxd5 {2} 29. Qg5 {92} N5f4 {31} 30. Bxf4 {25} Rxf1+ {8} 31. Kxf1
{3} Bxe4 {9} 32. hxg6+ {60} Kg8 {4} 33. Bxd6 {607} Bxf3 {40} 34. Kg1 {21} Re1+
{40} 35. Kh2 {10} Nxf2 {0} 36. gxf3 {13} Qd7 {1} 37. Kg2 {16} Re2 {3} 38. Kf1 {
13} Re6 {2} 39. Qh5 {13} Rxd6 {22} 40. Nxd6 {11} Qxd6 {3} 41. Qxb5 {13} Qd1+ {
113} 42. Kg2 {18} Qh1+ {144} 43. Kxf2 {10} Bd4+ {0} 44. Ke2 {12} Qh2+ {1} 45.
Kd1 {10} Qxg3 {5} 46. Qxc4+ {13} Kg7 {15} 47. Qxd4+ {12} Kh6 {3} 48. g7 {
PM1 resigns (Lag: Av=0.40s, max=2.5s) 104} 1-0

[Event "CSS Freestyle 8th"]
[Site "playchess.com"]
[Date "2008.04.13"]
[Round "7"]
[White "EnjoyTheSilence"]
[Black "Ozymandias"]
[Result "1/2-1/2"]
[WhiteElo "1464"]
[BlackElo "1742"]
[PlyCount "92"]
[EventDate "2008.04.11"]

1. e4 {4} e5 {4} 2. Nf3 {2} Nf6 {4} 3. Nxe5 {14} d6 {5} 4. Nf3 {4} Nxe4 {5} 5.
d4 {2} d5 {4} 6. Bd3 {2} Nc6 {7} 7. O-O {3} Be7 {34} 8. c4 {10} Nb4 {117} 9.
Be2 {44} O-O {17} 10. Nc3 {4} Bf5 {16} 11. a3 {9} Nxc3 {49} 12. bxc3 {3} Nc6 {5
} 13. Re1 {9} Re8 {92} 14. cxd5 {15} Qxd5 {10} 15. Bf4 {18} Rac8 {35} 16. h3 {
30} h6 {31} 17. c4 {124} Qe4 {176} 18. Bg3 {42} Bf6 {191} 19. Bf1 {63} Qc2 {145
} 20. Qxc2 {21} Bxc2 {4} 21. Rxe8+ {23} Rxe8 {4} 22. Rc1 {32} Bg6 {205} 23. d5
{6} Ne5 {2} 24. Bxe5 {65} Bxe5 {42} 25. Nxe5 {3} Rxe5 {9} 26. g4 {12} Re4 {351}
27. f3 {63} Rd4 {3} 28. Kf2 {28} Rd2+ {563} 29. Ke3 {3} Ra2 {2} 30. Rc3 {41}
Kf8 {3} 31. f4 {92} f5 {3} 32. c5 {136} Ke7 {268} 33. Bd3 {14} Bf7 {409} 34.
Kd4 {18} fxg4 {432} 35. hxg4 {19} Rg2 {40} 36. Rb3 {289} b6 {58} 37. Rc3 {60}
Kd8 {51} 38. cxb6 {19} axb6 {42} 39. Bf5 {17} Rd2+ {53} 40. Rd3 {4} Rf2 {6} 41.
Ke5 {24} Re2+ {39} 42. Be4 {20} Be8 {27} 43. Rg3 {40} Ba4 {32} 44. Rc3 {31} Re1
{24} 45. f5 {257} Kd7 {28} 46. Rc4 {EnjoyTheSilence offers a draw 35} Bb5 {
(Lag: Av=0.58s, max=13.2s) 1} 1/2-1/2

[Event "CSS Freestyle 8th"]
[Site "playchess.com"]
[Date "2008.04.13"]
[Round "7"]
[White "Rajlich"]
[Black "Talok"]
[Result "1/2-1/2"]
[WhiteElo "2591"]
[BlackElo "2447"]
[PlyCount "56"]
[EventDate "2008.04.11"]

1. e4 {40} c5 {37} 2. Nc3 {6} Nc6 {263} 3. Nge2 {5} Nf6 {76} 4. d4 {8} cxd4 {15
} 5. Nxd4 {5} e5 {152} 6. Ndb5 {28} d6 {16} 7. Bg5 {25} a6 {19} 8. Na3 {5} b5 {
5} 9. Nd5 {13} Be7 {25} 10. Bxf6 {13} Bxf6 {7} 11. c3 {7} O-O {23} 12. Nc2 {27}
Rb8 {13} 13. h4 {41} Be7 {12} 14. a3 {796} Qe8 {373} 15. Nce3 {550} Bd8 {33}
16. Nf5 {297} Be6 {533} 17. h5 {303} Bg5 {112} 18. Qg4 {233} h6 {303} 19. Rd1 {
6} Kh8 {286} 20. Be2 {142} Na5 {223} 21. Nc7 {129} Qc6 {89} 22. Nxe6 {119} fxe6
{5} 23. Nxd6 {18} Qd7 {197} 24. Qg3 {460} Bf4 {216} 25. Qd3 {70} Rbd8 {5} 26.
c4 {Rajlich offers a draw 28} bxc4 {28} 27. Qc3 {35} Nc6 {5} 28. Nxc4 {25} Nd4
{Talok bietet Remis (Lag: Av=0.29s, max=0.6s) 2} 1/2-1/2

[Event "CSS Freestyle 8th"]
[Site "playchess.com"]
[Date "2008.04.13"]
[Round "7"]
[White "Nods"]
[Black "Fredis_cpu"]
[Result "1/2-1/2"]
[WhiteElo "2403"]
[BlackElo "2521"]
[PlyCount "85"]
[EventDate "2008.04.11"]

1. d4 {43} Nf6 {57} 2. c4 {49} e6 {22} 3. g3 {68} d5 {37} 4. Nf3 {98} dxc4 {36}
5. Bg2 {219} a6 {17} 6. O-O {81} Nc6 {White restart ok. 13} 7. e3 {74} Bd7 {210
} 8. Qe2 {48} b5 {58} 9. b3 {235} cxb3 {43} 10. axb3 {0} Bd6 {149} 11. Bb2 {17}
O-O {36} 12. Ne5 {19} Nd5 {37} 13. Rc1 {13} Qe8 {23} 14. Nd2 {219} f6 {205} 15.
Nd3 {55} Ncb4 {71} 16. Nxb4 {16} Bxb4 {22} 17. e4 {10} Nb6 {38} 18. Rxc7 {9} a5
{105} 19. Nf1 {238} a4 {73} 20. bxa4 {16} bxa4 {61} 21. Rb1 {121} Rb8 {51} 22.
Bc1 {56} Qe7 {55} 23. Ne3 {322} Bd6 {112} 24. Ra7 {33} Rfc8 {219} 25. Bh3 {7}
Rc7 {71} 26. Rxc7 {4} Bxc7 {21} 27. Qa2 {116} Qf7 {46} 28. Bf1 {108} Nc8 {202}
29. Bd3 {8} Rxb1 {55} 30. Qxb1 {0} Qe7 {148} 31. Nc4 {112} Qd8 {131} 32. d5 {
140} Nb6 {61} 33. Ba3 {26} Nxc4 {40} 34. Bxc4 {0} exd5 {38} 35. exd5 {0} Be5 {
31} 36. d6+ {113} Kh8 {15} 37. Qb7 {114} Qe8 {59} 38. Qe4 {75} f5 {19} 39. Qe3
{74} h6 {29} 40. f4 {366} Qc8 {20} 41. Qxe5 {91} Qxc4 {18} 42. Bb2 {3} Qf7 {12}
43. Kf2 {Nods offers a draw (Lag: Av=0.24s, max=0.9s) 74} 1/2-1/2

[Event "CSS Freestyle 8th"]
[Site "playchess.com"]
[Date "2008.04.13"]
[Round "7"]
[White "Gallenweiler"]
[Black "Voyage"]
[Result "1-0"]
[WhiteElo "2066"]
[BlackElo "2014"]
[PlyCount "73"]
[EventDate "2008.04.11"]

1. e4 {18} c5 {5} 2. Nf3 {48} Nc6 {9} 3. d4 {14} cxd4 {8} 4. Nxd4 {7} Nf6 {4}
5. Nc3 {7} e5 {14} 6. Ndb5 {16} d6 {6} 7. Bg5 {3} a6 {9} 8. Na3 {7} b5 {4} 9.
Nd5 {3} Qa5+ {57} 10. Bd2 {17} Qd8 {7} 11. c4 {149} Nxe4 {229} 12. cxb5 {30}
Be6 {11} 13. Bc4 {49} axb5 {239} 14. Nxb5 {549} Qh4 {91} 15. Be3 {211} Nxf2 {73
} 16. Nbc7+ {125} Kd8 {454} 17. Nxe6+ {49} fxe6 {5} 18. Bb6+ {3} Ke8 {162} 19.
Nc7+ {63} Ke7 {26} 20. Bxf2 {18} Qxc4 {32} 21. Nxa8 {9} Nb4 {20} 22. Qe2 {52}
Nd3+ {15} 23. Kf1 {29} e4 {39} 24. Nb6 {37} Qc6 {36} 25. b3 {53} d5 {61} 26.
Kg1 {18} g6 {353} 27. Rf1 {61} Bg7 {173} 28. Na4 {116} Rf8 {187} 29. Bh4+ {23}
Ke8 {9} 30. Rxf8+ {11} Kxf8 {5} 31. h3 {96} Be5 {146} 32. Bg5 {58} Kg7 {72} 33.
Qd2 {84} Bd4+ {589} 34. Kh2 {135} Qc7+ {260} 35. g3 {153} Kg8 {41} 36. Rf1 {148
} h5 {138} 37. Bf6 {Voyage resigns (Lag: Av=0.32s, max=1.6s) 33} 1-0

[Event "CSS Freestyle 8th"]
[Site "playchess.com"]
[Date "2008.04.13"]
[Round "7"]
[White "Death_cap"]
[Black "Mapi"]
[Result "1/2-1/2"]
[WhiteElo "2442"]
[BlackElo "2487"]
[PlyCount "63"]
[EventDate "2008.04.11"]

1. e4 {15} c5 {30} 2. Nf3 {7} d6 {11} 3. d4 {4} cxd4 {7} 4. Nxd4 {5} Nf6 {9} 5.
Nc3 {5} a6 {22} 6. Bg5 {10} e6 {45} 7. f4 {11} Qb6 {32} 8. Qd2 {15} Qxb2 {23}
9. Rb1 {12} Qa3 {17} 10. Bxf6 {43} gxf6 {26} 11. Be2 {21} h5 {143} 12. O-O {131
} Nd7 {17} 13. Kh1 {55} b5 {349} 14. f5 {240} Bh6 {10} 15. Qe1 {8} e5 {37} 16.
Nc6 {181} Qc5 {79} 17. Nb4 {14} Bb7 {9} 18. Nbd5 {624} Rb8 {53} 19. Bd3 {353}
Ba8 {347} 20. Rf3 {338} b4 {410} 21. Na4 {27} Qa5 {6} 22. Rxb4 {17} O-O {117}
23. Rf1 {382} Rxb4 {53} 24. Qxb4 {13} Qxb4 {15} 25. Nxb4 {9} a5 {74} 26. Nd5 {
11} Rb8 {131} 27. Nac3 {384} h4 {21} 28. Nb5 {171} Bf8 {179} 29. c4 {186} Nc5 {
28} 30. Bc2 {25} Bxd5 {335} 31. exd5 {9} Na6 {
Mapi bietet Remis Black restart ok. 208} 32. Bd1 {Death_cap bietet Remis 41}
1/2-1/2

[Event "CSS Freestyle 8th"]
[Site "playchess.com"]
[Date "2008.04.13"]
[Round "7"]
[White "Necromant"]
[Black "Paganel01"]
[Result "0-1"]
[WhiteElo "1508"]
[BlackElo "1859"]
[PlyCount "100"]
[EventDate "2008.04.11"]

1. Nf3 {10} c5 {113} 2. g3 {21} Nc6 {9} 3. Bg2 {27} g6 {9} 4. O-O {32} Bg7 {13}
5. c4 {20} e5 {13} 6. Nc3 {27} d6 {12} 7. d3 {36} Nge7 {10} 8. Bd2 {31} O-O {12
} 9. a3 {74} Bg4 {139} 10. Rb1 {335} a5 {145} 11. h3 {176} Bc8 {
Necromant reconnected. 195} 12. Re1 {87} f6 {232} 13. Qb3 {122} Ra6 {198} 14.
e4 {220} Bd7 {108} 15. Qd1 {165} Qb6 {106} 16. Nb5 {115} Na7 {55} 17. a4 {18}
Qd8 {75} 18. Nh2 {Necromant reconnected. 195} Nec6 {
Necromant reconnected. Necromant reconnected. 133} 19. h4 {69} Nb4 {218} 20. h5
{22} Rf7 {166} 21. Bc3 {99} Nxb5 {36} 22. axb5 {38} Ra8 {18} 23. Nf1 {99} Bh6 {
47} 24. Ra1 {61} Be6 {31} 25. Ra4 {38} Rg7 {18} 26. Qe2 {79} b6 {153} 27. Bf3 {
50} Rb8 {93} 28. Bxb4 {123} cxb4 {50} 29. Ne3 {12} Qc8 {303} 30. b3 {115} Bxe3
{61} 31. Qxe3 {23} Qc5 {29} 32. h6 {20} Qxe3 {15} 33. fxe3 {33} Rc7 {24} 34.
Ra2 {217} Kf7 {87} 35. Rf1 {45} Rf8 {39} 36. Raf2 {21} Ke7 {51} 37. g4 {26} Ra7
{28} 38. Bd1 {41} Rf7 {16} 39. Kg2 {38} Ra8 {20} 40. Kg3 {33} Rff8 {24} 41. Kh4
{26} Ra7 {57} 42. Ra2 {73} Kf7 {63} 43. Kg3 {26} g5 {13} 44. Rff2 {82} Kg6 {40}
45. Rh2 {9} Rg8 {119} 46. d4 {45} Rc8 {30} 47. Be2 {45} Rd8 {39} 48. Bd3 {31}
Rc7 {13} 49. Kf3 {52} Rdc8 {15} 50. Ra3 {Necromant idaaeeaaaao ie~~ueo^ 66}
bxa3 {Necromant naeaaony (Lag: Av=0.31s, max=1.3s) 51} 0-1

[Event "CSS Freestyle 8th"]
[Site "playchess.com"]
[Date "2008.04.13"]
[Round "7"]
[White "Rybko"]
[Black "Gatewaymike"]
[Result "1/2-1/2"]
[WhiteElo "2400"]
[BlackElo "2367"]
[PlyCount "93"]
[EventDate "2008.04.11"]

1. e4 {167} e6 {15} 2. d4 {29} d5 {4} 3. Nd2 {37} c5 {24} 4. exd5 {70} Qxd5 {76
} 5. Ngf3 {228} cxd4 {26} 6. Bc4 {4} Qd6 {18} 7. Bb3 {500} Nc6 {75} 8. O-O {42}
Nf6 {71} 9. Nc4 {12} Qd8 {192} 10. Ba4 {33} Bc5 {309} 11. a3 {29} Qd5 {97} 12.
Qd3 {449} O-O {6} 13. Re1 {12} Be7 {18} 14. Bxc6 {146} bxc6 {55} 15. Qxd4 {15}
Bb7 {Gatewaymike offers a draw 126} 16. b3 {49} Qxd4 {488} 17. Nxd4 {0} Rad8 {7
} 18. Bb2 {8} Rd5 {32} 19. Nf3 {6} Rc8 {155} 20. b4 {30} Ba6 {242} 21. Ne3 {65}
Rd7 {33} 22. c4 {8} c5 {547} 23. Ne5 {168} Rd6 {11} 24. Rad1 {102} Rxd1 {110}
25. Rxd1 {0} cxb4 {10} 26. axb4 {100} Bxb4 {6} 27. Ra1 {13} Bb7 {5} 28. Rxa7 {2
} Rc7 {179} 29. Nd3 {88} Bd6 {192} 30. Be5 {22} Ne4 {247} 31. Bxd6 {62} Nxd6 {4
} 32. c5 {25} Nb5 {98} 33. Ra5 {4} Nd4 {41} 34. Ra4 {9} e5 {138} 35. f3 {405}
f6 {41} 36. Ra7 {56} Nc6 {46} 37. Ra3 {36} Nd4 {15} 38. Nc4 {40} Bd5 {30} 39.
Nd6 {16} Kf8 {12} 40. Kf2 {8} Ke7 {9} 41. Ra6 {22} Bb3 {41} 42. Ra5 {22} Kd7 {
46} 43. Nb4 {39} Nc6 {3} 44. Nxc6 {7} Kxc6 {4} 45. Nb5 {76} Rd7 {6} 46. Na7+ {
28} Kc7 {5} 47. Nb5+ {Rybko offers a draw (Lag: Av=0.56s, max=1.1s) 11} 1/2-1/2

[Event "CSS Freestyle 8th"]
[Site "playchess.com"]
[Date "2008.04.13"]
[Round "7"]
[White "Antonaustirol"]
[Black "Jcook140"]
[Result "1-0"]
[WhiteElo "2436"]
[BlackElo "2428"]
[PlyCount "67"]
[EventDate "2008.04.11"]

1. e4 {1} e6 {46} 2. d4 {3} d5 {26} 3. Nc3 {5} Bb4 {223} 4. e5 {48} Ne7 {283}
5. a3 {3} Bxc3+ {43} 6. bxc3 {2} O-O {22} 7. Bd3 {160} Nd7 {256} 8. Nh3 {175}
f5 {105} 9. O-O {79} Nb6 {182} 10. Nf4 {103} Bd7 {74} 11. h4 {334} c5 {99} 12.
h5 {6} Na4 {194} 13. Bd2 {19} c4 {260} 14. Be2 {16} h6 {396} 15. Re1 {27} Qc7 {
158} 16. Rb1 {220} a5 {32} 17. Bf1 {15} Ra6 {43} 18. Qf3 {10} Be8 {50} 19. Be2
{134} Bf7 {91} 20. Kh2 {159} Qd7 {123} 21. Qh3 {71} Rb6 {17} 22. Rxb6 {121}
Nxb6 {11} 23. g4 {170} Be8 {57} 24. f3 {113} Na8 {171} 25. Rg1 {111} fxg4 {23}
26. fxg4 {14} Nc7 {18} 27. g5 {44} hxg5 {77} 28. Rxg5 {55} Kh7 {124} 29. Rg1 {
12} Qa4 {111} 30. Bd1 {334} Qxa3 {258} 31. Bg4 {76} Qa4 {164} 32. Qg3 {46} Qxc2
{100} 33. Rg2 {39} Qb1 {65} 34. Bh3 {
Jcook140 resigns (Lag: Av=0.32s, max=1.3s) 108} 1-0

[Event "CSS Freestyle 8th"]
[Site "playchess.com"]
[Date "2008.04.13"]
[Round "7"]
[White "Sciolto"]
[Black "Stabiloboss"]
[Result "1-0"]
[WhiteElo "2502"]
[BlackElo "2408"]
[PlyCount "109"]
[EventDate "2008.04.11"]

1. e4 {4} e5 {53} 2. Nf3 {5} Nc6 {3} 3. Bb5 {6} a6 {4} 4. Bxc6 {2} dxc6 {12} 5.
O-O {6} Qd6 {146} 6. Na3 {221} b5 {182} 7. c3 {22} c5 {24} 8. Nc2 {72} Bb7 {22}
9. Re1 {106} Rd8 {140} 10. a4 {17} Be7 {13} 11. axb5 {67} axb5 {7} 12. Qe2 {7}
c4 {28} 13. b3 {58} Qd3 {35} 14. Ra7 {23} Rb8 {18} 15. Nxe5 {39} Qxe2 {21} 16.
Rxe2 {4} cxb3 {6} 17. Nd4 {74} Bc5 {17} 18. Ra1 {231} Bxd4 {285} 19. cxd4 {4}
Ne7 {42} 20. Re3 {184} Ra8 {383} 21. Rxa8+ {123} Bxa8 {6} 22. f3 {2} f6 {40}
23. Nd3 {30} Nc6 {54} 24. Nc5 {158} Nxd4 {715} 25. Bb2 {8} Nc6 {45} 26. Rxb3 {9
} b4 {9} 27. d4 {119} Ke7 {30} 28. d5 {192} Kd6 {937} 29. Na4 {7} Ne5 {18} 30.
Rxb4 {11} Nd3 {28} 31. Rb5 {14} Nxb2 {20} 32. Nxb2 {14} Ke5 {5} 33. Ra5 {8} f5
{92} 34. Ra4 {27} fxe4 {48} 35. fxe4 {11} Kd6 {27} 36. Kf2 {88} Rb8 {132} 37.
Nc4+ {45} Kc5 {30} 38. Ke3 {59} Rb3+ {12} 39. Kf4 {38} Bb7 {60} 40. Na5 {53}
Rb2 {23} 41. Nxb7+ {8} Rxb7 {5} 42. Ke5 {9} g6 {72} 43. Ra6 {42} Kc4 {20} 44.
Ke6 {18} Kd4 {29} 45. Ra4+ {50} Kc5 {25} 46. Ra5+ {14} Kb4 {72} 47. Ra1 {14}
Kc3 {16} 48. e5 {15} Rb2 {30} 49. Rc1+ {14} Kd4 {10} 50. Rd1+ {34} Ke3 {22} 51.
d6 {7} cxd6 {14} 52. exd6 {12} Ke2 {31} 53. Rd5 {14} Rb6 {13} 54. Kf7 {25} Rb7+
{149} 55. d7 {Stabiloboss gibt auf (Lag: Av=0.26s, max=1.0s) 5} 1-0